| Tag |
First Indicator |
Second Indicator |
Subfields |
| LEADER |
00000cam a2200000Ii 4500 |
| 001 |
in00004077021 |
| 005 |
20190426092424.0 |
| 008 |
190426s1983 txu b s000 0 eng d |
| 035 |
|
|
|a (OCoLC)on1099259114
|
| 040 |
|
|
|a TXA
|b eng
|e rda
|c TXA
|d TXA
|
| 035 |
|
|
|a (OCoLC)1099259114
|
| 050 |
|
4 |
|a TH7684.D9
|b T49 1983
|
| 049 |
|
|
|a TXAM
|
| 110 |
2 |
|
|a Texas Energy Extension Service.
|
| 245 |
1 |
0 |
|a Heating systems.
|
| 264 |
|
1 |
|a College Station, Texas :
|b Texas Energy Extension Service,
|c [1983]
|
| 300 |
|
|
|a 3 pages ;
|c 28 cm
|
| 336 |
|
|
|a text
|b txt
|2 rdacontent
|
| 337 |
|
|
|a unmediated
|b n
|2 rdamedia
|
| 338 |
|
|
|a sheet
|b nb
|2 rdacarrier
|
| 490 |
1 |
|
|a Texas energy topics ;
|v 12
|
| 500 |
|
|
|a Title from caption.
|
| 500 |
|
|
|a "EIS 83-346 11/83 10M"--Page 3.
|
| 504 |
|
|
|a Includes bibliographical references (page 3).
|
| 650 |
|
0 |
|a Dwellings
|x Heating and ventilation
|x Energy conservation.
|
| 650 |
|
0 |
|a Heating
|x Energy conservation.
|
| 650 |
|
0 |
|a Dwellings
|x Energy conservation.
|
| 650 |
|
0 |
|a Air heaters.
|
| 830 |
|
0 |
|a Texas energy topics ;
|v 12.
|
| 948 |
|
|
|a cataloged
|b h
|c 2019/04/26
|d o
|e zdobbs
|f 9:23:09 am
|
| 994 |
|
|
|a C0
|b TXA
|
| 999 |
f |
f |
|s 0c2254e3-2bf4-3a89-80d7-0996138c47e5
|i 3280b997-1d3c-3b28-88d1-ddec65f2bbb5
|t 0
|
| 952 |
f |
f |
|p noncirc
|a Texas A&M University
|b College Station
|c Cushing Memorial Library & Archives
|d Cushing: Texas A&M Publications (Remote Storage: 2-3 day retrieval)
|t 0
|e TH7684.D9 T49 1983
|f Vertical file
|h Library of Congress classification
|i unmediated -- sheet
|
| 998 |
f |
f |
|a TH7684.D9 T49 1983
|t 0
|l Cushing: Texas A&M Publications (Remote Storage: 2-3 day retrieval)
|